00845nam a2200169 a 450000100100000000500170001000800410002704000250006808200150009310000380010824500880014626000500023430000200028495201770030495201770048199900170065800003335820200930070213.0110825s1953 dr 000 0 spa d aDO-SdBNPbspacBNPHU axxxbC352o1 aCastillo Gautreau, Americo95894410aObservaciones sobre la realidad agrícola dominicana /cAmerico Castillo Gautreau. aSanto Domingo :bImpresora Dominicana,c1953. a87 p. ;c24 cm. 001050718RVaPDbPDcCTd2011-08-25iLF1l0oxxx C352op33358-10r2020-06-25w2020-06-25y1zPerteneció a la biblioteca personal de Germán Emilio OrnesZNo se presta 001050718RVaPDbPDcCTd2011-09-08iLF1l0oxxx C352op33358-20r2020-06-25te. 2w2020-06-25y1zPerteneció a la biblioteca personal de Martínez BoogZNo se presta c32849d32849